000 004850000a22001810004500
003 MACL
005 20160317161009.0
008 160317b xxu||||| |||| 00| 0 eng d
040 _aMACL
_cMACL
041 _aHindi
082 _a891.433
100 _aपाठक वाचरपति
_947026
245 _aदादशी
260 _bभारती भण्‍डार
_aइलाहाबाद
350 _a2
650 _aStories
_947027
942 _cHIN
_k891.433
_2ddc
999 _c23889
_d23889